O barco do demônio (Record no. 184311)

MARC details
000 -LÍDER
campo de controle de tamanho fixo 00374 a2200169 4500
001 - NÚMERO DE CONTROLE
campo de controle 184311
020 ## - ISBN - INTERNATIONAL STANDARD BOOK NUMBER
ISBN - International Standard Book Number 85-08-0769-0
040 ## - FONTE DA CATALOGAÇÃO
Instituição que transcreveu o registro Magnum
100 ## - ENTRADA PRINCIPAL--NOME PESSOAL
Nome pessoal Brezina, Thomas
240 10 - TÍTULO UNIFORME
Título uniforme O barco do demônio
Idioma da obra por
245 10 - TÍTULO
Título O barco do demônio
300 ## - DESCRIÇÃO FÍSICA
Extensão 86
362 0# - DATAS DE PUBLICAÇÃO E/OU DESIGNAÇÃO SEQUENCIAL
Datas de publicação e/ou designação sequencial 2001
440 #1 - DECLARAÇÃO DE SÉRIE/ENTRADA ADICIONADA--TÍTULO
Título Ática
697 ## - ENTRADA DE ASSUNTO LOCAL--ENTIDADE COLETIVA (RLIN)
Nome corporativo ou nome da jurisdição LITERATURA INFANTO-JUVENIL ESTRANGEIRA
942 ## - ELEMENTOS DE ENTRADA ADICIONADOS (KOHA)
Tipo de material Koha Livros
Holdings
Situação do descarte Situação das perdas Situação física Não pode ser emprestado Biblioteca de origem Biblioteca atual Data de aquisição Total de empréstimos Número de chamada completo Código de barras Data de último acesso Data do preço efetivo Tipo de material Koha Fonte da classificação ou esquema de arquivamento na estante Número do exemplar
        Magnum Magnum 08/06/2024   3.890.4.5 MAG00043137 08/06/2024 08/06/2024 Livros    
        Magnum Magnum 08/06/2024   3.890.4.5 MAG00043138 08/06/2024 08/06/2024 Livros    
        Magnum Magnum 08/06/2024   3.890.4.5 MAG00043139 08/06/2024 08/06/2024 Livros    
        Portinari - Salvador Portinari - Salvador 08/08/2024   028.5 B848b 7865/CCP 08/08/2024 08/08/2024 Livros   Ex. 1